000 00283nam a22001337a 4500
008 180925b xxu||||| |||| 00| 0 eng d
020 _a0131285041
041 _aeng
080 _22nd
_a541
100 _a12
101 _aKIM
245 _aChemistry
_cBrown, Th. L
942 _2udc
_cBK
999 _c48423
_d48423